000 00454nam a2200181Ia 4500
001 8037
005 20260306160539.0
008 260306t2013||||xx |||||||||||||| ||spa||
041 _aESP
082 _a370.1
_bC75 V. 7
100 _aCastro, Augusto
_eAUT
245 0 _aReconstruir y educar:
_btareas de la nación, 1885-1905
260 _c2013
300 _axxv, 305 páginas :
_c25 cm.
650 _aGEN
654 _aCED
942 _cLIB
_dJUS
_fJUS
_2ddc
_n
999 _c8037
_d8037